000 00562 a2200157 4500
005 20190806102640.0
008 190527b1975 fr ||||| |||| 00| 0 fre d
040 _aCO-BoUCM
_bspa
_cOscar Ávila (modificó)
_dOscar Ávila (modificó)
041 0 _afre
100 1 0 _aPoniatowski, Michel
_996449
245 1 0 _aConduire le changements
_cMichel Poniatowski
260 _bLibrairie Artheme Fayard
_c1975
_aFrancia
_g1975
651 _aFrancia
_xPolítica y gobierno
_935877
942 _cLIBRO
_2DEWEY
_a6
_e1
_h320.944
_mP797p
_n0
999 _c312531
_d312531